Environmental pollution and protection (Record no. 1389474)

MARC details
000 -LEADER
fixed length control field 00582nam a2200217Ia 4500
005 - DATE AND TIME OF LATEST TRANSACTION
control field 20250508164514.0
008 - FIXED-LENGTH DATA ELEMENTS--GENERAL INFORMATION
fixed length control field 008 250505s9999 xx 000 0 eng d
037 ## - SOURCE OF ACQUISITION
Stock number Textual
040 ## - CATALOGING SOURCE
Original cataloging agency FEDL
Language of cataloging eng
Transcribing agency FEDL
041 ## - LANGUAGE CODE
Language code of text/sound track or separate title eng
Source of code eng
084 ## - COLON CLASSIFICATION NUMBER
Classification number 363.7, ATT
Assigning agency FEDL
100 ## - MAIN ENTRY--PERSONAL NAME
Personal name Attar Chand
245 #0 - TITLE STATEMENT
Title Environmental pollution and protection
260 ## - PUBLICATION, DISTRIBUTION, ETC.
Place of publication, distribution, etc. Delhi, India
Name of publisher, distributor, etc. H K Publishers and Distributors
Date of publication, distribution, etc. 1989
300 ## - PHYSICAL DESCRIPTION
Extent 276p.
365 ## - TRADE PRICE
Price type code INR
Price amount 270
546 ## - LANGUAGE NOTE
Language note MACESE
650 ## - SUBJECT ADDED ENTRY--TOPICAL TERM
Topical term or geographic name entry element Pollution
942 ## - ADDED ENTRY ELEMENTS (KOHA)
Koha item type Textual
Classification part 363.7, ATT
Holdings
Withdrawn status Lost status Damaged status Not for loan Home library Current library Date acquired Cost, normal purchase price Total Checkouts Full call number Barcode Date last seen Price effective from Koha item type
        Department of Education Library Department of Education Library 2025-05-08 270.00   363.7, ATT EL0083099 2025-05-08 2025-05-08 Textual
Copyright @ Delhi University Library System